000 01188nam a22003617a 4500
001 0050663
003 KOHA_MİRAKIL
005 20260207003736.0
007 ta
008 150629b2013 tu |||gr||||#0|||0|tur |
020 _a9786054683987
040 _aTR-BiSEU
_btur
_cTR-BiSEU
_erda
041 0 _atur
044 _ctu
050 _aDR501
_b.T87 2013
100 0 _aTursun Bey(Turi Sina).
245 1 _aFetih babası Fatih'in tarihi (Tarih-i ebü'l-fetih)/
_cTursun Bey(Turi Sina) ; Tursun Bey ; hazırlayan Mertol Tulum.
264 1 _aİstanbul :
_bKapı Yayınları
_c2013
300 _a322 sayfa ;
_c21 cm.
336 _ametin
_btxt
_2rdacontent
337 _aaracısız
_bn
_2rdamedia
338 _acilt
_bnc
_2rdacarrier
490 1 _aKapı yayınları ;
_v359.
490 1 _aTarih-İnceleme ;
_v90
650 0 _aMehmed II, Türklerin Sultanı, 1432-1481.
_993724
650 0 _aMehmed II, Sultan of the Turks, 1432-1481.
_920972
650 0 _aTürkiye--Tarih, 1453-1683.
_920886
650 0 _aTurkey--History, 1453-1683.
_920884
830 1 _aKapı yayınları ;
_v359.
_912753
830 1 _aTarih-İnceleme ;
_v90
_993725
907 _aTarih
942 _2lcc
_cBK
999 _c50496
_d50496